Analýza energetickej efektívnosti slnečného energetického systému pri obnove bytového fondu

Gespeichert in:
Bibliographische Detailangaben
1. Verfasser: Kováčová, Diana (Verfasst von)
Weitere Verfasser: Lulkovičová, Otília (Betreuung Doktorarbeit)
Format: Manuskript Buch
Sprache:Slowakisch
Veröffentlicht: 2016
Schlagworte:
Online-Zugang:http://is.stuba.sk/zp/portal_zp.pl?podrobnosti=104610
Tags: Tag hinzufügen
Keine Tags, Fügen Sie das erste Tag hinzu!

MARC

LEADER 00000ntm a22000003a 4500
001 stuzp36121
003 SK-STU
005 20161112210114.4
007 ta
008 150427s2015----xo-----f-mn---000-0-slo-d
040 |a STU  |b slo 
041 0 |a slo 
100 1 |a Kováčová, Diana  |u 010290  |4 aut  |U SvF Stavebná fakulta  |T SvF Katedra technických zariadení budov  |X 38857  |U V290  |Y 31  |7 A000038857 
242 0 1 |a Analysis of the energy efficiency of solar energy system in the reconstruction of residential building  |y eng 
245 1 0 |a Analýza energetickej efektívnosti slnečného energetického systému pri obnove bytového fondu 
260 |c 2016 
650 4 |a slnečné kolektory  |2 slo 
650 4 |a solárny energetický systém  |2 slo 
650 4 |a intenzita slnečného žiarenia  |2 slo 
650 4 |a solar colectors  |2 eng 
650 4 |a solar energy system  |2 eng 
650 4 |a solar radiation  |2 eng 
700 1 |a Lulkovičová, Otília  |4 ths  |X 808  |7 A000000808 
856 4 |u http://is.stuba.sk/zp/portal_zp.pl?podrobnosti=104610 
996 |b 284V041388  |c V* 3351/DP-1281  |l VVS  |s P  |a 0  |w stuzp36121_0001